书目信息 |
| 题名: |
中学生物学教学法
|
|
| 作者: | 周美珍 郑鸿霖 张代芬 | |
| 分册: | ||
| 出版信息: | 北京 高等教育出版社 1991 |
|
| 页数: | 355 | |
| 开本: | 20cm | |
| 丛书名: | ||
| 单 册: | ||
| 中图分类: | G642.41 | |
| 科图分类: | ||
| 主题词: | 教育--各级 | |
| 电子资源: | ||
| ISBN: | 7-04-002677-5 | |
| 000 | 00602nam0 2200181 450 | |
| 001 | 0741144344 | |
| 005 | 20070817112544.34 | |
| 010 | @a7-04-002677-5@d¥5.10 | |
| 100 | @a20070817d km y0chiy0120 ea | |
| 101 | 0 | @achi |
| 200 | 1 | @a中学生物学教学法@Azhong xue sheng wu xue jiao xue fa@f周美珍 郑鸿霖 张代芬@Fzhou mei zhen zheng hong lin zhang dai fen |
| 210 | @a北京@c高等教育出版社@d1991 | |
| 215 | @a355@d20cm | |
| 606 | 0 | @a教育@x各级 |
| 690 | @aG642.41@v3 | |
| 701 | 0 | @a周美珍 郑鸿霖 张代芬@Azhou mei zhen zheng hong lin zhang dai fen |
| 801 | 0 | @aCN@bPFT@c20070817 |
| 905 | @a213230@dG642.41@en1@f1 | |
| 中学生物学教学法/周美珍 郑鸿霖 张代芬.-北京:高等教育出版社,1991 |
| 355;20cm |
| ISBN 7-04-002677-5:¥5.10 |
| ● |
| 相关链接 |
|
|
|
|
正题名:中学生物学教学法
索取号:G642.41/n1
 
预约/预借
| 序号 | 登录号 | 条形码 | 馆藏地/架位号 | 状态 | 备注 |
| 1 | 6600593 | 266005930 | 密集书库-生命科学系/ [索取号:G642.41/n1] | 在馆 | |
| 2 | 6600594 | 266005949 | 密集书库-生命科学系/ [索取号:G642.41/n1] | 在馆 | |
| 3 | 6600595 | 266005958 | 密集书库-生命科学系/ [索取号:G642.41/n1] | 在馆 |